GTA IV + EFLC Missions - Statistics

General Stats
  • This quiz has been taken 166 times
  • The average score is 54 of 146
Answer Stats
Mission Giver Mission Name % Correct
IV - Michelle First Date
77%
IV - Roman Bellic The Cousins Bellic
75%
IV - Roman Bellic Uncle Vlad
74%
IV - Roman Bellic Jamaican Heat
67%
IV - Dimitri Rascalov The Master and the Molotov
67%
IV - Packie McReary Three Leaf Clover
67%
IV - (R) *Kate McReary A Dish Served Cold
62%
IV - Vladimir Glebov Bull in a China Shop
61%
IV - *Dimitri Rascalov Russian Revolution
61%
IV - Manny Escuela Escuela of the Streets
59%
IV - *Roman Bellic& Kate McReary Mr. and Mrs. Bellic
59%
IV - Brucie Kibbutz No. 1
59%
IV - Roman Bellic It's Your Call
57%
IV - Manny Escuela The Puerto Rican Connection
57%
IV - Little Jacob Concrete Jungle
56%
IV - Elizabeta Torres Have a Heart
56%
IV - Ray Boccino Museum Piece
56%
IV - *Roman Bellic Roman's Sorrow
56%
IV - *Mallorie Bardas Hostile Negotiation
54%
IV - Vladimir Glebov Ivan the Not So Terrible
54%
IV - Little Jacob Shadow
54%
IV - *Playboy X& Dwayne Forge The Holland Play
54%
IV - Elizabeta Torres The Snow Storm
54%
IV - Roman Bellic Three's a Crowd
54%
IV - (R) *Little Jacob Out of Commission
52%
IV - Mikhail Faustin Rigged to Blow
52%
IV - Roman Bellic Bleed Out
51%
IV - Mikhail Faustin Do You Have Protection?
51%
IV - *United Liberty Paper Paper Trail
51%
IV - *United Liberty Paper That Special Someone
51%
IV - Dwayne Forge Undress to Kill
51%
IV - *Ray Boccino Weekend at Florian's
51%
IV - Playboy X Deconstruction for Beginners
49%
IV - Jimmy Pegorino Flatline
49%
IV - Francis McReary Holland Nights
49%
IV - Francis McReary Lure
49%
IV - Manny Escuela Street Sweeper
49%
IV - ($) *Little Jacob A Revenger's Tragedy
48%
IV - Gerald McReary Diamonds are a Girl's Best Friend
48%
IV - Elizabeta Torres Luck of the Irish
48%
IV - Ray Boccino Meltdown
48%
IV - Brucie Kibbutz Out of the Closet
48%
IV - United Liberty Paper Portrait of a Killer
48%
IV - Derrick McReary Tunnel of Death
48%
IV - Packie McReary Harboring a Grudge
46%
IV - Jimmy Pegorino Pegorino's Pride
46%
IV - Packie McReary Waste Not Want Knots
46%
IV - Ray Boccino A Long Way to Fall
44%
IV - Derrick McReary Babysitting
44%
IV - Roman Bellic Crime and Punishment
44%
IV - Gerald McReary I'll Take Her
44%
IV - Mikhail Faustin No Love Lost
44%
IV - Playboy X Photo Shoot
44%
IV - *Packie McReary Undertaker
44%
IV - Francis McReary Blood Brothers
43%
IV - Vladimir Glebov Clean Getaway
43%
IV - Roman Bellic Easy Fare
43%
IV - Francis McReary Final Interview
43%
IV - Roman Bellic Logging On
43%
IV - Phil Bell To Live and Die in Alderney
43%
IV - Elizabeta Torres Blow Your Cover
41%
IV - Bernie Crane Buoys Ahoy
41%
IV - United Liberty Paper Dust Off
41%
IV - Mikhail Faustin Final Destination
41%
TBoGT - Tony Prince I Luv LC
41%
IV - Gerald McReary I Need Your Clothes, Your Bootsand Your Motorcycle
41%
IV - Ray Boccino No Way on the Subway
41%
IV - *Packie McReary (\o/) Ransom
41%
IV - Derrick McReary Smackdown
41%
IV - Brucie Kibbutz Easy as Can Be
39%
IV - Jimmy Pegorino One Last Thing
39%
IV - Dwayne Forge Ruff Rider
39%
TLaD - Billy Grey Action/Reaction
38%
IV - Francis McReary (?) Call and Collect
38%
TLaD - Tom Stubbs Get Lost
38%
IV - Bernie Crane Hating the Haters
38%
IV - Vladimir Glebov Hung Out to Dry
38%
IV - Jimmy Pegorino Pest Control
38%
IV - United Liberty Paper (?) Wrong is Right
38%
IV - Gerald McReary Actions Speak Louder than Words
36%
IV - Jon Gravelli Dining Out
36%
IV - ($) *Roman Bellic If the Price is Right
36%
IV - Jon Gravelli Liquidize the Assets
36%
IV - Brucie Kibbutz Search and Delete
36%
IV - Bernie Crane Union Drive
36%
IV - Phil Bell Catch the Wave
34%
TBoGT - Tony Prince Departure Time
34%
TBoGT - Mori Kibbutz No. 3
34%
TBoGT - Yusuf Amir Sexy Time
34%
IV - Gerald McReary She's a Keeper
34%
IV - Phil Bell Truck Hustle
34%
TLaD - Billy Grey Clean and Serene
33%
IV - Ray Boccino Late Checkout
33%
IV - Jimmy Pegorino Payback
33%
IV - Ray Boccino Taking in the Trash
33%
IV - Jon Gravelli Entourage
31%
TBoGT - Yusuf Amir For the Man Who Has Everything
31%
TBoGT - Adriana Lopez Momma's Boy
31%
IV - Phil Bell Trespass
31%
TLaD - Ray Boccino Was It Worth It?
31%
TLaD - Ashley Butler Roman's Holiday
30%
TLaD - Billy Grey This Shit's Cursed
30%
TLaD - Billy Grey It's War
28%
TBoGT - Rocco Pelosi Party's Over
28%
TBoGT - Tony Prince Practice Swing
28%
TBoGT - Yusuf Amir Caught with Your Pants Down
26%
TBoGT - Tony Prince Chinese Takeout
26%
TLaD - Tom Stubbs Politics
26%
TBoGT - Tony Prince Blog This!
25%
TLaD - Elizabeta Torres Buyer's Market
25%
TLaD - Billy Grey Angels in America
23%
TLaD - Jim Fitzgerald Bad Standing
23%
TLaD - *Ray Boccino Collector's Item
23%
TBoGT - Ray Bulgarin In The Crosshairs
23%
TBoGT - Mori Kibbutz Kibbutz Number One
23%
TBoGT - Adriana Lopez Corner Kids
21%
TLaD - Ray Boccino Diamonds in the Rough
21%
TBoGT - Tony Prince Frosting on the Cake
21%
TLaD - Jim Fitzgerald Bad Cop Drop
20%
TBoGT - Ray Bulgarin Dropping In
20%
TBoGT - Tony Prince Ladies' Night
20%
TBoGT - Tony Prince Bang Bang
18%
TBoGT - Tony Prince Boulevard Baby
18%
TLaD - Elizabeta Torres Heavy Toll
18%
TBoGT - Tony Prince Ladies Half Price
18%
TLaD - Elizabeta Torres Marta Full of Grace
18%
TBoGT - Tony Prince Not So Fast
18%
TLaD - Jim Fitzgerald End of Chapter
16%
TBoGT - Yusuf Amir High Dive
16%
TLaD - Jim Fitzgerald Liberty City Choppers
16%
TLaD - Elizabeta Torres Shifting Weight
16%
TBoGT - Adriana Lopez Clocking Off
15%
TLaD - Ashley Butler Coming Down
15%
TLaD - Jim Fitzgerald Hit The Pipe
15%
TLaD - Tom Stubbs Off Route
15%
TBoGT - Ray Bulgarin Going Deep
13%
TBoGT - Mori Kibbutz This Ain't Checkers
13%
IV - The Fixer Derelict Target
10%
IV - The Fixer Hook, Line and Sinker
10%
IV - The Fixer Industrial Action
10%
IV - The Fixer R.U.B. Down
10%
IV - The Fixer Taken Out
10%
IV - The Fixer Water Hazard
8%
IV - The Fixer Bailing Out for Good
7%
IV - The Fixer Dead End
7%
IV - The Fixer Migration Control
7%
No matching quizzes found
Score Distribution
Percent of People with Each Score
Percentile by Number Answered
Your Score History
You have not taken this quiz